LEADER 01115nam a2200265 4500 001 000000347365 003 CaOOAMICUS 005 20250715095107.0 008 210823s2014 it 000 u ita r 020 $a978-88-10-41528-3 040 $aSeMil$bita 245 00$aTolleranza e riconoscimento /$ca cura di Paolo Costa. 264 1$aBologna :$bEDB,$c2014. 300 $a208 p. ;$c21 cm 490 1 $aScienze religiose. Nuova serie ;$v29 650 4$aRiconoscimento.$0(OLS)http://semarc/subject/25560 650 4$aTolleranza.$0(OLS)http://semarc/subject/17972 700 1 $aCosta, Paolo,$d<1966- >.$0(OLS)http://semarc/name/5936 830 0$aScienze religiose / Istituto trentino di cultura. Nuova serie ;$v29.$0(OLS)http://semarc/title/8741 850 $aSeMil 852 $aSeMil$W1$xVenegono$y1$m2G II 28$j265190$B238433$CSeMilBibl$Z2$F238433 $81 996 $6020$a978-88-10-41528-3$9(OLS)http://semarc/number/293865 996 $6245$aTolleranza e riconoscimento$9(OLS)http://semarc/title/436637 996 $6264$aBologna :$bEDB$9(OLS)http://semarc/publisher/29669 LEADER 00882nam a2200217 i 4500 001 000000206006 003 CaOOAMICUS 005 20110913000000.0 008 110913s1977 it u000 u ita u 013 $a184753 040 $aSeMil$bita 245 14$aGli anni della Destra (1861-1876) 300 $aXV, 172 p. :$bill. 490 0 $aBiblioteca Universale Rizzoli. Storia ;$v151 500 $aContiene : Cronologia. 700 1 $aMontanelli, Indro <1909-2001>.$0(OLS)http://semarc/name/6356 773 0 $aMontanelli, Indro <1909-2001>$tStoria d'Italia.$dMilano : Rizzoli, 1974.$gVolume32$w()25522 830 0$aBiblioteca Universale Rizzoli. Storia ;$v151.$0(OLS)http://semarc/title/34371 850 $aSeMil 852 $aSeMil$W1$xVenegono$y1$m78 12.6 151 *$j156489$B156489$CSeMilBibl$Z2$F168304 $81 996 $6245$aGli anni della Destra (1861-1876)$9(OLS)http://semarc/title/298068